000
00199nam a22000857a 4500
008
170131b xxu||||| |||| 00| 0 eng d
100
_9
2705
_a
Hiran
245
_a
Hindi Story Book
260
_a
New delhi
_c
2002
999
_c
5866
_d
5866